Production de pommes de terre par région - Statistiques

Statistiques générales
  • Ce quiz a été pris 16 fois
  • Le résultat moyen est 4 sur 13
Statistiques - réponses
Hint Réponse % Correct
1ère / 54206 Hauts-de-France
57%
7e / 1192 Auvergne-Rhône-Alpes
50%
11e / 313 Bourgogne-Franche-Comté
36%
5e / 4482 Bretagne
29%
4e / 6713 Centre-Val-de-Loire
29%
13e / 5 Corse
29%
2e / 10182 Grand Est
29%
3e / 8341 Normandie
21%
8e / 1167 Nouvelle-Aquitaine
21%
9e / 476 Pays-de-la-Loire
21%
12e / 263 Provence-Alpes-Côte-d'Azur
14%
6e / 2182 Ile-de-France
7%
10e / 322 Occitanie
7%
Aucun quiz correspondant
Distribution des résultats
% des personnes avec chaque résultat
Percentile par nombre de réponses
Votre historique - résultats
Vous n’avez pas pris ce quiz